| 000 | 00441nam a2200169 i 4500 | ||
|---|---|---|---|
| 001 | bg | ||
| 100 | 1 | _aRANIECKI, B. | |
| 245 | 0 | _aWłasności mechaniczne metali przy krótkotrwałych... | |
| 250 | _aB. Raniecki, Z. Śloderbach, W. W. Wiktorow. | ||
| 260 |
_aWarszawa, _c1980. |
||
| 700 | 1 | _aŚLODERBACH, Z. | |
| 700 | 1 | _aWIKTOROW, W. W. | |
| 040 | _cBPK | ||
| 041 | _apol | ||
| 942 | _cKS | ||
| 008 | s pl f |000 0 pol | ||
| 999 |
_c20856 _d20856 |
||
| 856 |
_uhttp://koha.tu.koszalin.pl/cgi-bin/koha/opac-detail.pl?biblionumber=20856 _yKatalog online BPK |
||